Adapted physical education : (Record no. 7720)
[ view plain ]
| 000 -LEADER | |
|---|---|
| fixed length control field | 00910cam a2200265 a 4500 |
| 001 - CONTROL NUMBER | |
| JCCL Control Number | 7720 |
| 003 - CONTROL NUMBER IDENTIFIER | |
| JCCL marc code | BD-JhCC |
| 005 - DATE AND TIME OF LATEST TRANSACTION | |
| control field | 20181007083417.0 |
| 008 - FIXED-LENGTH DATA ELEMENTS--GENERAL INFORMATION | |
| fixed length control field | 910226s1954 nyua 000 0 eng |
| 035 ## - SYSTEM CONTROL NUMBER | |
| system control number | (BD-JhCC)7720 |
| 035 ## - SYSTEM CONTROL NUMBER | |
| system control number | 1609169 |
| 040 ## - CATALOGING SOURCE | |
| Original cataloging agency | ANL |
| Transcribing agency | ANL |
| Modifying agency | BD-JhCC |
| 041 ## - LANGUAGE CODE | |
| Language code of Book | eng |
| 050 00 - LIBRARY OF CONGRESS CALL NUMBER | |
| Classification number | GV357 |
| Item number | .D35 |
| 082 04 - DEWEY DECIMAL CLASSIFICATION NUMBER | |
| Classification number | 371.73 |
| Author mark and Year | DAN 1954 |
| 100 1# - MAIN ENTRY--PERSONAL NAME | |
| Personal name | Daniels, Arthur Simpson. |
| 245 10 - TITLE STATEMENT | |
| Title | Adapted physical education : |
| Remainder of title | principles and practices of physical education for exceptional students / |
| 260 ## - PUBLICATION, DISTRIBUTION, ETC. (IMPRINT) | |
| Place of publication, distribution, etc | New York, |
| Name of publisher, distributor, etc | Harper |
| Date of publication, distribution, etc | [1954] |
| 300 ## - PHYSICAL DESCRIPTION | |
| Pagination | 538 p. |
| Other physical details | illus. |
| Dimensions | 22 cm. |
| 490 1# - SERIES STATEMENT | |
| Series statement | Harper's series in school and public health education, physical education and recreation |
| 650 #0 - SUBJECT ADDED ENTRY--TOPICAL TERM | |
| Topical term or geographic name as entry element | Physical education for people with disabilities. |
| 830 #0 - SERIES ADDED ENTRY--UNIFORM TITLE | |
| Uniform title | Harper's series in school and public health education, physical education and recreation. |
| 942 ## - ADDED ENTRY ELEMENTS (KOHA) | |
| Source of classification or shelving scheme | Dewey Decimal Classification |
| Koha item type | Books |
| Source of classification or shelving scheme | Damaged status | Not for loan | Home library | Current library | Shelving location | Total Checkouts | Full call number | Barcode | Date last seen | Copy number | Koha item type |
|---|---|---|---|---|---|---|---|---|---|---|---|
| Dewey Decimal Classification | JCC Rouf Library | JCC Rouf Library | General Stacks | 371.73 DAN 1954 | 1009 | 02/13/2018 | C-1 | Books |